| 000 | 00845nam a2200241Ia 4500 | ||
|---|---|---|---|
| 003 | OSt | ||
| 005 | 20220918202137.0 | ||
| 006 | a|||||r|||| 00| 0 | ||
| 007 | ta | ||
| 008 | 220917b |||||||| |||| 00| 0 eng d | ||
| 024 | _a99,073 | ||
| 037 | _cTextual | ||
| 040 |
_aARTS _cARTS _beng |
||
| 041 |
_2eng _aeng |
||
| 082 | _aV2:25xM69:9, J32 | ||
| 110 |
_aIndia Education. Ministry of _990722 |
||
| 245 | 0 |
_aGandhian outlook and techniques _b a verbatim report of the proceedings of the seminar on the contribution sof Gandhian outlook and techniques to the solution of tensions between and witnations held at New Delhi from teh 5th to the 17th January 1953 |
|
| 260 | _c1953 | ||
| 650 | _aHISTORY | ||
| 700 |
_aIndia Education. Ministry of _990723 |
||
| 942 |
_hV2:25xM69:9, J32 _cTEXL _2CC |
||
| 999 |
_c222651 _d222651 |
||